| 000 -CABECERA |
| fixed length control field |
01777nam a22003137a 4500 |
| 003 - IDENTIFICADOR DEL NÚMERO DE CONTROL |
| control field |
AR-CdUCM |
| 008 - DATOS DE LONGITUD FIJA--INFORMACIÓN GENERAL |
| fixed length control field |
190425b ||||| |||| 00| 0 spa d |
| 040 ## - FUENTE DE LA CATALOGACIÓN |
| Agencia/entidad que catalogó originalmente la obra |
MUNICIPALIDAD PROVINCIAL DEL CUSCO |
| Entidad que transcribió la catalogación |
BIBLIOTECA MUNICIPAL DEL CUSCO |
| 082 ## - NÚMERO DE LA CLASIFICACIÓN DECIMAL DEWEY |
| No. de Clasificación |
Rev.DIMA/N°22/1970 |
| 110 ## - ENTRADA PRINCIPAL--NOMBRE DE ENTIDAD CORPORATIVA |
| Nombre de la institución, jurisdicción como entrada principal |
Instituto y Museo Arqueológico de la Universidad Nacional del Cuzco |
| 9 (RLIN) |
46550 |
| 245 ## - MENCIÓN DE TÍTULO |
| Título |
Revista del Museo e Instituto Arqueológico / |
| Mención de responsabilidad |
Luis A. Pardo, director, Universidad Nacional del Cuzco |
| 260 ## - PUBLICACIÓN, DISTRIBUCIÓN, ETC. |
| Lugar de publicación, distribución, etc. |
Cusco : |
| Nombre de la editorial, distribuidor, etc. |
H.G. Rozas, |
| Fecha de publicación, distribución, etc. |
1970. |
| 300 ## - DESCRIPCIÓN FÍSICA |
| Nº de Páginas Extensión |
284 páginas. : |
| Otros detalles físicos |
ilustraciones ; |
| Dimensiones |
21 cm. |
| 440 ## - MENCIÓN DE SERIE/PUNTO DE ACCESO ADICIONAL--TÍTULO |
| Título |
Revista del Museo e Instituto Arqueológico. |
| Número de la parte/sección de una obra |
Año XV, 1970. N°22. |
| 9 (RLIN) |
46574 |
| 505 ## - NOTA DE CONTENIDO CON FORMATO |
| Nota de contenido formateada |
Contenido: Un caso de trepanación craneana en vivo realizado con instrumentos pre colombinos del Museo Arqueológico. Sergio A. Quevedo. -- La guerra de los Quechuas con los Chancas. Luis A. Pardo. -- Buscando lo peruano. Alfredo Yépez Miranda. -- La leyenda del Coropuna. Víctor Pérez . Crónica de la donación hecha por el Señor Orihuela Yábar a la Universidad Nacional del Cuzco. -- Discurso pronunciado. Luis A. Pardo, José Orihuela, Horacio Villanueva. -- Inventario de los vasos de madera o Queros de la colección José Orihuela Yábar. Manuel Chávez Ballón. |
| 650 ## - PUNTO DE ACCESO ADICIONAL DE MATERIA--TÉRMINO DE MATERIA |
| Descriptor |
Trepanación craneana |
| 9 (RLIN) |
46575 |
| 650 ## - PUNTO DE ACCESO ADICIONAL DE MATERIA--TÉRMINO DE MATERIA |
| Descriptor |
Inkas |
| 9 (RLIN) |
1899 |
| 650 ## - PUNTO DE ACCESO ADICIONAL DE MATERIA--TÉRMINO DE MATERIA |
| Descriptor |
Chankas |
| 9 (RLIN) |
46576 |
| 650 ## - PUNTO DE ACCESO ADICIONAL DE MATERIA--TÉRMINO DE MATERIA |
| Descriptor |
Pikillaqta |
| 9 (RLIN) |
46557 |
| 650 ## - PUNTO DE ACCESO ADICIONAL DE MATERIA--TÉRMINO DE MATERIA |
| Descriptor |
Patrimonio mueble |
| 9 (RLIN) |
46577 |
| 700 ## - PUNTO DE ACCESO ADICIONAL--NOMBRE DE PERSONA |
| Nombre Personal |
Pardo, Luis A. |
| 9 (RLIN) |
25736 |
| 700 ## - PUNTO DE ACCESO ADICIONAL--NOMBRE DE PERSONA |
| Nombre Personal |
Yépez Miranda, Alfredo |
| 9 (RLIN) |
4230 |
| 700 ## - PUNTO DE ACCESO ADICIONAL--NOMBRE DE PERSONA |
| Nombre Personal |
Orihuela Yávar, José |
| 9 (RLIN) |
46578 |
| 700 ## - PUNTO DE ACCESO ADICIONAL--NOMBRE DE PERSONA |
| Nombre Personal |
Villanueva Urteaga, Horacio |
| 9 (RLIN) |
5790 |
| 710 ## - PUNTO DE ACCESO ADICIONAL--NOMBRE DE ENTIDAD CORPORATIVA |
| Nombre corporativo (En letras Mayúsculas) |
Universidad Nacional de San Antonio Abad del Cusco |
| 9 (RLIN) |
15942 |
| 942 ## - ELEMENTOS DE PUNTO DE ACCESO ADICIONAL (KOHA) |
| Fuente de clasificación |
|
| Tipo de item |
Revistas cusqueñas |
| 945 ## - PROCESAMIENTO DE INFORMACIÓN LOCAL (OCLC) |
| Catalogador |
rac |